000 00596nam a2200229Ia 4500
003 OSt
005 20220928135256.0
006 a|||||r|||| 00| 0
007 ta
008 220927b |||||||| |||| 00| 0 eng d
024 _a914
037 _cTextual
040 _aSDCL
_cSDCL
_beng
041 _2eng
_aeng
082 _aX:15, L6
100 _aTrooboff Benjamin M
_9489553
245 0 _aPersonal finance for consumers
260 _c1976
700 _a Boyd Fannie Lee
_9489554
942 _hX:15, L6
_cTEXL
_2CC
999 _c804837
_d804837